000 00497nam a2200193Ia 4500
005 20250508165651.0
008 008 250505s9999 xx 000 0 eng d
037 _aTextual
040 _aFEDL
_beng
_cFEDL
041 _aeng
_2eng
084 _a530, DAV
_qFEDL
100 _aDavies Paul
245 0 _aNew Physics
260 _aNew York, USA
_bCambridge University Press
_c1992
300 _a516p.
365 _aGBP
_b10
942 _cTEXL
_h530, DAV
999 _c1396624
_d1396624